000
00270 a2200121 4500
999
_c
12232
_d
12232
008
231110b ||||| |||| 00| 0 eng d
020
_a
9788957704554
082
_a
728.09051
100
_a
Archi
245
_a
TA-5 Residence
260
_b
Archiworld
_c
2013
942
_2
ddc